End of everything (Record no. 68803)
[ view plain ]
| 000 -LEADER | |
|---|---|
| fixed length control field | 00721 2200193 4500 |
| 005 - DATE AND TIME OF LATEST TRANSACTION | |
| control field | 20111224120856.0 |
| 008 - FIXED-LENGTH DATA ELEMENTS--GENERAL INFORMATION | |
| fixed length control field | 111224t xxu||||| |||| 00| 0 eng d |
| 080 ## - UNIVERSAL DECIMAL CLASSIFICATION NUMBER | |
| Universal Decimal Classification number | F |
| Item number | BER |
| 100 ## - MAIN ENTRY--PERSONAL NAME | |
| Personal name | Bergelson, David |
| 245 ## - TITLE STATEMENT | |
| Title | End of everything |
| Statement of responsibility, etc | David Bergelson; tr.by Joseph Sherman |
| 300 ## - PHYSICAL DESCRIPTION | |
| Extent | xliii, 264p. |
| 490 ## - SERIES STATEMENT | |
| Series statement | (New yiddish library) |
| 653 ## - INDEX TERM--UNCONTROLLED | |
| Uncontrolled term | English literature - fiction |
| -- | Jewish literature - translation |
| 942 ## - ADDED ENTRY ELEMENTS (KOHA) | |
| item type | Books |
| 260 ## - PUBLICATION, DISTRIBUTION, ETC. (IMPRINT) | |
| Place of publication, distribution, etc | New Haven |
| Name of publisher, distributor, etc | Yale university press |
| Date of publication, distribution, etc | 2009 |
| 500 ## - GENERAL NOTE | |
| General note | Translated from the Yiddish |
| 020 ## - INTERNATIONAL STANDARD BOOK NUMBER | |
| International Standard Book Number | 97800300110678 |
| 260 ## - PUBLICATION, DISTRIBUTION, ETC. (IMPRINT) | |
| -- | 18641 |
| Lost status | Source of classification or shelving scheme | Not for loan | Home library | Current library | Shelving location | Date acquired | Cost, normal purchase price | Total Checkouts | Full call number | Barcode | Date last seen | Date checked out | Cost, replacement price | Price effective from | Koha item type |
|---|---|---|---|---|---|---|---|---|---|---|---|---|---|---|---|
| Universal Decimal Classification | University Library | University Library | General Stacks | 08/03/2011 | 0.00 | 8 | F BER | 00065784 | 11/02/2020 | 28/01/2020 | 0.00 | 08/03/2011 | Books |
